Statistics for Yugoslavian Cities: Hearts of Iron 4

Click here to take the quiz!

General Stats

  • This quiz has been taken 49 times
  • The average score is 11 of 16

Answer Stats

StateVictory PointsCity% Correct
Serbia15Belgrade
96%
Croatia3Zagreb
96%
Bosnia5Sarajevo
93%
Slovenia3Ljubljana
91%
Kosovo3Prishtina
87%
Macedonia5Skopje
87%
Dalmatia3Split
82%
Montenegro3Podgorica
78%
Vojvodina3Novi Sad
71%
Morava3Niš
69%
Herzegovina3Mostar
67%
Bosnia3Banja Luka
62%
Dalmatia3Dubrovnik
62%
Dalmatia1Rijeka
51%
Southern Serbia1Leskovac
33%
West Banat1Pancevo
24%

Score Distribution

Percentile by Number Answered

Percent of People with Each Score

Your Score History

You have not taken this quiz